| 000 | 00641nam a2200229Ia 4500 | ||
|---|---|---|---|
| 003 | OSt | ||
| 005 | 20220928124135.0 | ||
| 006 | a|||||r|||| 00| 0 | ||
| 007 | ta | ||
| 008 | 220927b |||||||| |||| 00| 0 eng d | ||
| 024 | _a43455 | ||
| 037 | _cTextual | ||
| 040 |
_aSDCL _cSDCL _beng |
||
| 041 |
_2eng _aeng |
||
| 082 | _aX65:8, N0 | ||
| 100 |
_aLivingston Miles _9449252 |
||
| 245 | 0 |
_aMoney and capital markets _b Financial instruments and their uses. |
|
| 260 |
_aNew Jersey _bPrentice-Hall _c1990 |
||
| 300 |
_axv,429p _ccm. |
||
| 942 |
_hX65:8, N0 _cTEXL _2CC |
||
| 999 |
_c776403 _d776403 |
||